Statistics for Ben 10- All Aliens

Click here to take the quiz!

General Stats

  • This quiz has been taken 322 times
  • The average score is 36 of 114

Answer Stats

Name% Correct
Heatblast
88%
Four Arms
87%
Diamondhead
84%
Grey Matter
84%
(Ultimate) Wildmutt
82%
(Ultimate) Way Big
79%
(Ultimate) Cannonbolt
78%
Stinkfly
77%
Upgrade
76%
XLR8
76%
Alien X
75%
Ghostfreak
75%
(Ultimate) Swampfire
74%
Ripjaws
73%
(Ultimate) Echo Echo
73%
(Ultimate) Spidermonkey
72%
(Ultimate) Big Chill
70%
Wildvine
69%
Jetray
67%
Chromastone
66%
Ditto
64%
Goop
62%
Upchuck
62%
(Ultimate) Rath
61%
Brainstorm
59%
Water Hazard
58%
NRG
57%
Feedback
56%
Bloxx
55%
Eye Guy
55%
Armodrillo
54%
Blitzwolfer
49%
Frankenstrike
49%
Terraspin
49%
Clockwork
48%
Fasttrack
48%
Snare-oh
48%
AmpFibian
47%
(Ultimate) Humungosaur
47%
Lodestar
46%
Buzzshock
45%
Nanomech
45%
(Ultimate) Gravattack
43%
(Ultimate) Arctiguana
42%
The Worst
41%
Atomix
40%
Shocksquatch
40%
Spitter
40%
Jury Rigg
38%
Kickin Hawk
35%
ChamAlien
34%
Crashhopper
33%
Eatle
33%
Pesky Dust
33%
Toepick
33%
Astrodactyl
31%
Ball Weevil
31%
Mole-Stache
31%
Walkatrout
31%
Whampire
31%
Bullfrag
29%
Gutrot
25%
Overflow
18%
Sandbox
12%
Rocks
10%
Snakepit
10%
Atomic-X
9%
Heat Jaws
9%
Diamond Matter
8%
Shellhead
8%
Stink Arms
8%
Squidstrictor
7%
Handy Man
6%
Vomit Man
6%
Big Bug
5%
Big Chuck
5%
Brainfrog
5%
Build-A-Guy
5%
Dino-Mighty
5%
Fourmungosaur
5%
Freezeghost
5%
Freezelizard
5%
Humungoopsaur
5%
Lightning Volt
5%
Nighty Knight
5%
Rollaway
5%
Speedyquick
5%
Uprigg
5%
Electricyeti
4%
Mr. Monkey
4%
Techno-Bubble
4%
Toolboxx
4%
Charcoal Man
3%
Crashocker
3%
Dog-Nabbit
3%
Mr. Mucky
3%
Orbit Man
3%
Copy Copy
2%
Fastcat
2%
Giant-Manster
2%
Grey Arms
2%
Muck-A-Muck
2%
Slapstrike
2%
Teeny-Weeny
2%
Unitaur
2%
Windy Hindy
2%
Buglizard
1%
Crabdozer
1%
Hypnotick
1%
Mucilator
1%
Terroranchula
1%
Tyrannopede
1%
Slamworm
0%
Viceoptus
0%

Score Distribution

Percentile by Number Answered

Percent of People with Each Score

Your Score History

You have not taken this quiz